000 00277nam a2200121Ia 4500
008 190216s9999||||xx |||||||||||||| ||und||
100 _aPublishers
245 4 _aThe Singing Leaves
260 _bOrient Longman
_c1972
300 _a96p
650 _aEnglish Poetry
942 _cBK
999 _c12564
_d12564